000 00529nam a2200193Ia 4500
003 GCL
008 140319s9999 xx 000 0 eng d
040 _aGCL /
_cGCL
082 0 4 _a616.89
_bK C
100 1 _aKUMAR, PARVEEN
245 1 0 _aCLINICAL MEDICINE: A TEXT BOOK FOR MEDICAL STUDENTS AND DOCTORS /
_cKUMAR, PARVEEN
700 1 _aCLARK, MICHAEL
260 _a[S.N] :
_bELBS WITH BAILLIERE TINDALL ،
_c1994
300 _a1135 P
650 0 4 _aPHYSICIANS
650 0 4 _aDISEASES
650 0 4 _aMEDICINE
942 _2ddc
_cBK
999 _c19976
_d19976